000 00378cam a22001217a 4500
008 180718b1952 xxu||||| |||| 00| 0 eng d
082 _aP00x73 W127
100 _aWahlquist, John Thomas
245 _aAdministration of public education
_cby John T. Wahlquist...[et.al.]
260 _aNew York
_bRonald Press
_c1952
300 _a611p.
650 _aSchool management and organization
999 _c500849
_d500849